| 000 | 00459nam a2200157 i 4500 | ||
|---|---|---|---|
| 001 | 56591 | ||
| 003 | ES-MaACL | ||
| 005 | 20230906163416.0 | ||
| 007 | t| | ||
| 008 | 031010s1957 sp ||||1| spa d | ||
| 100 | 1 |
_aDi Megglio, Juan Angel. _944081 |
|
| 245 | 1 | 0 |
_aDesarrollo del sistema monetario / _cJuan Angel Di Meglio. |
| 260 |
_aMadrid : _bAfrodisio Aguado, _c[1957] ( _fEscelicer) |
||
| 300 |
_a370 p. ; _c19 cm. |
||
| 852 |
_aES-MaACL _jC-12905 _bR.41016 |
||
| 999 |
_c56591 _d56591 |
||